000 01215cam a2200289Ka 4500
005 20151014093152.0
008 151014s2011 xxud frb 001 0 eng d
020 _z9780226116341
020 _z0226116344
020 _a9781283242226
035 _a(OCoLC)754113031
_z(OCoLC)746745526
_z(OCoLC)748534378
_z(OCoLC)816859977
040 _aCO-BoUCM
_bspa
_cSandra Palacio
_dSandra Palacio
041 0 _aeng
245 0 0 _aUnderstanding long-run economic growth
_bgeography, institutions, and the knowledge economy
_cEditado por Dora L. Costa y Naomi R. Lamoreaux
260 _aChicago (Illinois, Estados Unidos)
_bUniversity of Chicago Press
_c2011
300 _aix, 390 páginas
_bTablas, gráficos y diagramas
490 0 _aNational Bureau of Economic Research conference report
504 _aIncluye referencias bibliográficas e índices
650 0 _aDesarrollo económico
_912956
650 0 _aHistoria económica
_916938
650 7 _aCrecimiento económico
_912098
690 _942796
_aEconomía del trabajo
700 1 _aCosta, Dora L.
_eeditor
_972295
700 1 _aLamoreaux, Naomi R.
_eeditor
_972296
942 _2DEWEY
_a7
_cLIBROREF
_e1
_h338.9
_mU554u
999 _c301198
_d301198